Statistics for Countries that have at least 50 million people

Click here to take the quiz!

General Stats

  • This quiz has been taken 61 times
  • The average score is 23 of 27

Answer Stats

Population Country % Correct
1,382,500,000China
100%
324,789,000USA
100%
126,760,000Japan
98%
263,510,000Indonesia
98%
82,800,000Germany
98%
1,314,300,000India
98%
207,332,000Brazil
97%
191,836,000Nigeria
97%
66,996,000France
95%
92,786,200Egypt
95%
146,804,372Russia
95%
122,273,000Mexico
93%
60,589,940Italy
93%
196,865,000Pakistan
93%
80,039,000Iran
92%
79,814,871Turkey
92%
92,700,000Vietnam
92%
68,298,000Thailand
90%
55,908,000South Africa
90%
162,240,000Bangladesh
88%
103,855,000Philippines
87%
104,345,000Ethiopia
78%
51,446,201South Korea
75%
65,110,000United Kingdom
70%
56,878,000Tanzania
63%
54,836,000Myanmar
43%
82,243,000D.R. Congo
32%

Score Distribution

Percentile by Number Answered

Percent of People with Each Score

Your Score History

You have not taken this quiz